Carribean Countries - Sudden Death - Statistics

General Stats
  • This quiz has been taken 312 times
    117 since last reset
  • The average score is 14 of 22
Answers on the Grid
Answers color-coded by a green-red scale on the quiz's grid according to % correct below.
Bahamas
Ireland
Colombia
Guatemala
Germany
Chile
Dominican Republic
Saint Lucia
Venezuela
United States of America
Antigua and Barbuda
Iceland
Costa Rica
Belize
Saint Kitts and Nevis
Haiti
Jamaica
United Kingdom
El Salvador
Denmark
Belgium
Ecuador
Italy
Argentina
Spain
Trinidad and Tobago
Uruguay
Portugal
Honduras
Netherlands
Dominica
Barbados
Norway
Canada
Grenada
Bolivia
Saint Vincent and the Grenadines
France
Nicaragua
 
Answer Stats
Answer % Correct
Antigua and Barbuda
91%
Dominican Republic
89%
Saint Kitts and Nevis
88%
Saint Lucia
84%
Haiti
82%
Jamaica
81%
Barbados
68%
Saint Vincent and the Grenadines
68%
Trinidad and Tobago
68%
Dominica
67%
Grenada
65%
Costa Rica
63%
Belize
61%
Venezuela
56%
Colombia
53%
Honduras
49%
Guatemala
47%
United States of America
47%
Nicaragua
37%
France
33%
Netherlands
30%
United Kingdom
28%
No matching quizzes found
Score Distribution
Percent of People with Each Score
Percentile by Number Answered
Your Score History
You have not taken this quiz since the last reset